| 000 | 00493nam a2200193Ia 4500 | ||
|---|---|---|---|
| 005 | 20240827091813.0 | ||
| 008 | 131103s9999 xx 000 0 und d | ||
| 020 |
_a033390 006 5 _cRs.22.00 |
||
| 040 | _aLoreto College | ||
| 041 | _aEnglish | ||
| 082 |
_a822 _bTAG |
||
| 100 | _aTagore, Rabindranath | ||
| 245 | 4 |
_aThe King of the dark chamber _cRabindranath Tagore |
|
| 260 |
_aLondon _bMacmillan _c1992 |
||
| 300 | _a105p. | ||
| 650 | _aBengali drama | ||
| 850 | _aLCBED | ||
| 942 | _cBK | ||
| 999 |
_c29641 _d80120 |
||